| 000 | 00000nam 2200000zi 4500 |
| 001 | 9.943215 |
| 003 | CaOODSP |
| 005 | 20241104142514 |
| 006 | m o d f |
| 007 | cr cn||||||||| |
| 008 | 240913s2001 onca jo f000 0 fre d |
| 020 | |z0662860586 |
| 040 | |aCaOODSP|bfre|erda|cCaOODSP |
| 043 | |an-cn--- |
| 086 | 1 |aV32-88/2001F-PDF|zV32-88/2001F |
| 100 | 1 |aFiset, Shelley, |eauteur. |
| 245 | 10|aJason et l'effort de guerre / |cauteure: Shelley Fiset ; illustrations: Renate Fournier-Sullivan. |
| 264 | 1|a[Ottawa] : |bAnciens combattants Canada = Veterans Affairs Canada, |c[2001] |
| 300 | |a1 ressource en ligne (23 pages) : |billustrations en couleur |
| 336 | |atexte|btxt|2rdacontent/fre |
| 337 | |ainformatique|bc|2rdamedia/fre |
| 338 | |aressource en ligne|bcr|2rdacarrier/fre |
| 500 | |aTitre de départ. |
| 500 | |aPublié aussi en anglais sous le titre : Jason and the homefront. |
| 500 | |aÉdition numérisée de l'imprimée [par Direction des publications du gouvernement du Canada]. |
| 650 | 0|aWorld War, 1939-1945|zCanada|vJuvenile literature. |
| 650 | 6|aGuerre mondiale, 1939-1945|zCanada|vOuvrages pour la jeunesse. |
| 651 | 5|aCanada|xHistory|y1939-1945 |vJuvenile literature. |
| 651 | 6|aCanada |xHistoire |y1939-1945 |vOuvrages pour la jeunesse. |
| 655 | 6|aDocuments pour la jeunesse. |
| 710 | 1 |aCanada. |bAnciens combattants Canada, |eorganisme de publication. |
| 776 | 0#|tJason et l'effort de guerre / |w(CaOODSP)9.681564 |
| 856 | 40|qPDF|s24328 Ko|uhttps://publications.gc.ca/collections/collection_2024/acc-vac/V32-88-2001-fra.pdf |